20. yüzyılda soykırım ve etnik temizlik (Kayıt no. 7199)

MARC ayrıntıları
000 -BAŞLIK
Sabit Uzunlukta Kontrol Alanı 01480na a2200301 4500
001 - KONTROL NUMARASI
Denetim Alanı 23450
003 - KONTROL NUMARASI IDENTIFIER
Denetim Alanı MIRAKIL
005 - SON İŞLEM TARİHİ VE ZAMANI
Denetim Alanı 20181213155131.0
008 - SABİT-BOY VERİ ELEMANLARI - GENEL BİLGİLER
Sabit Uzunlukta Kontrol Alanı 170929b tu 000 0
020 ## - ULUSLARARASI STANDART KİTAP NUMARASI
Uluslararası Standart Kitap Numarası 9786053993636
040 ## - KATALOGLAMA KAYNAK
Orijinal Kataloglama Ajansı Milas
Kataloglama Dili tur
Metne Dönüştürmek Ajansı TR-AnCHP
041 ## - DİL KODU
Metin / Ses Parça Veya Ayrı Başlığın Dil Kodu tur
082 ## - DEWEY ONLU SINIFLANDIRMA NUMARASI
Sınıflandırma Numarası 304.663
Ürün Numarası Y56 2014
090 ## - SINIFLAMA NUMARASI
Sınıflama Numarası 304.663 Y56 2014
245 ## - BAŞLIK TABLOSU
Başlık 20. yüzyılda soykırım ve etnik temizlik
Sorumluluk Tablosu, Vb Derleyenler Cenap Çakmak, F. Gözde Çolak, Gökhan Güneysu
260 ## - YAYIN, DAĞITIM, VB
Yayın, Dağıtım, Vb Yeri İstanbul
Yayıncı, Dağıtıcı, Vs Adı İstanbul Bilgi Üniversitesi
Yayın, Dağıtım, Vb Tarihi 2014
Üretici Firma sena ofset
300 ## - FİZİKSEL TANIM
Kapsam 360 s.
Boyutlar 23 sm.
440 ## - SERİSİ TABLOSU / KATMA GİRİŞİ - BAŞLIK
Başlık İstanbul Bilgi Üniversitesi Yayınları
Hacim / Ardışık Tanımı 488
490 ## - SERİSİ TABLOSU
Seri Beyanı Siyaset Bilimi
Hacim / Ardışık Tanımı 52
504 ## - KAYNAKÇA VB NOT
Kaynakça Vb Notu Kaynakça ve dizin var.
505 ## - BİÇİMLENDİRİLDİ İÇİNDEKİLER NOT
Biçimlendirilmiş İçeriği Dikkat Ruanda'da trajedi, adalet ve uzlaşma; Bosna iç savaşı Avrupa'nın kalbinde insani trajedi; Büyük Afrika savaşları : Kongo katliamları; Adı konulmamış bir soykırım: Liberya iç savaşı; Sierra Leone'de iç savaş ve uluslararası adalet arayışı; Uganda: sömürge dönemi kaynaklı etnik katliam; Darfur: Deri renginin yarattığı trajedi; Bir rejimin ayakta kalma mücadelesi: Çad iç savaşı; Demokratikleşme sürecinde toplumsal uzlaşma ve adalet yaklaşımları; Hakikat komisyonları: Teori ve uygulama
650 ## - KONU KATMA GİRİŞ - TOPİKAL DÖNEM
Topikal Süreli Veya Coğrafi Ad Giriş Elemanı Suçlar, İnsanlığa karşı
Genel Alt Bölümü Tarih
Kronolojik Alt Bölümü 20. yüzyıl
650 ## - KONU KATMA GİRİŞ - TOPİKAL DÖNEM
Topikal Süreli Veya Coğrafi Ad Giriş Elemanı Soykırım
Genel Alt Bölümü Tarih
Kronolojik Alt Bölümü 20. yüzyıl
700 ## - KATMA GİRİŞ - KİŞİSEL İSİM
Kişisel Ad Güneysu, Gökhan
700 ## - KATMA GİRİŞ - KİŞİSEL İSİM
Kişisel Ad Çolak, F. Gözde
700 ## - KATMA GİRİŞ - KİŞİSEL İSİM
Kişisel Ad Çolak, Cenap
942 ## - EKLENDİ GİRİŞ ELEMANLARI (KOHA)
Sınıflandırma Veya Raf Düzeni Kaynak
Koha Öğesi Türü Kitaplar
999 ## - SİSTEM KONTROL NUMARALARI (KOHA)
Koha Biblionumber 7199
Koha Biblioitemnumber 7199
Mevcut
Kalıcı Konum Mevcut Konum Edinme Tarihi Edinim Kaynak Toplam Check-Out'Lar Tam Çağrı Numarası Barkod Tarih Son Görülme İtibaren Geçerli Fiyatlar Koha Öğesi Türü
CHP Kütüphanesi CHP Kütüphanesi 09/29/2017 Bağış   304.663 Y56 2014 017433 09/29/2017 09/29/2017 Kitaplar